000 00212 a2200097 4500
001 13665
100 _aZaidi, A N
245 _aMojid our Science
260 _aLahore
_bQaumi Kuttab Khana
_c
090 _c10659
_d10659
942 _aNUST-CAE
_cM
_c735
999 _c248738
_d248738